| 000 | 00575cam a2200217ua 4500 | ||
|---|---|---|---|
| 020 |
_a81-85046-73-5 _c180.00 |
||
| 041 |
_aeng _h |
||
| 082 |
_a551.47802462 _bHJE/HY |
||
| 100 | _aHjelmfelt, Allen T . | ||
| 245 |
_aHydrology for engineers and planners / _cAllen T Hjelmfelt. _hTextual Documents |
||
| 250 |
_a1 / _b. |
||
| 260 |
_aJodhpur : _bScientific Publishers , _c1985. |
||
| 300 | _a210 ; . | ||
| 365 | _a180.00 | ||
| 504 | _a | ||
| 700 | 1 | _aCassidy, John J . | |
| 942 | _cBK | ||
| 999 |
_c10710 _d10710 |
||